000 01582nam a2200277Ia 4500
999 _c43294
_d43294
001 10021
003 GE_BSU
005 20230215171647.0
008 181216s2009||||ge |||||||||||||| ||geo||
020 _a9789941131127
040 _cGE_BSU
041 _ageo
080 _a821.353.1.09-1 პ–14
100 _aპაიჭაძე, თამარ
_95669
245 _aქართველი ლირიკოსები I = Georgian liric poets : მონოგრაფია(1900-1950) :
_bქართული პოეზიის ისტორია და კრიტიკა :
_cთამარ პაიჭაძე ; რედაქტორი ბელა წიფურია.
264 _aთბილისი :
_bთბილისის უნ–ტის გამ–ბა,
_c2009.
300 _a288 გვ. ;
_c20 სმ.
504 _aბიბლიოგრაფია გვ. : 282-287
541 _h18ლ.
653 _aქართველი ლირიკოსები
653 _aქართული ლიტერატურა
653 _aქართული ლიტერატურის ისტორია და კრიტიკა
700 _aწიფურია, ბელა
_eრედაქტორი
_92692
710 _aთსუ
_bქართული ლიტერატურის ინსტიტუტი
_eუახლესი ქართული ლიტერატურის ინსტიტუტის დეპარტამენტი
_916923
942 _cBK
_2udc